Prognóza ekonomického rozvoja SSR do roku 2010

Salvato in:
Dettagli Bibliografici
Natura: Libro
Lingua:slovacco
Pubblicazione: Bratislava Ekon. ústav SAV 1988
Edizione:1. vyd.
Tags: Aggiungi Tag
Nessun Tag, puoi essere il primo ad aggiungerne!!

MARC

LEADER 00000nam a2200000 4500
001 c031323
005 20250717094205.1
041 0 |a slo 
044 |a SK 
245 1 0 |a Prognóza ekonomického rozvoja SSR do roku 2010 
250 |a 1. vyd. 
264 1 |a Bratislava  |b Ekon. ústav SAV  |c 1988 
300 |a 173 s.